LEADER 00941nam0-22003131i-450- 001 990001642950403321 005 20050412084812.0 035 $a000164295 035 $aFED01000164295 035 $a(Aleph)000164295FED01 035 $a000164295 100 $a20030910d19729999km-y0itay50------ba 101 0 $aeng 200 1 $aCerambycidae of North America$fGorton E. Linsley, John A. Chemsak. 210 $aBerkeley and Los Angeles$cUniversity of California Press$d1972- 215 $av.$d26 cm 327 0 $a1: Taxonomy and classification of the subfamily lepturinae, 6. 610 0 $aColeoptera 610 0 $aCerambycidae 676 $a595.76 700 1$aLinsley,$bGorton E.$070546 702 1$aChemsak,$bJohn A. 801 0$aIT$bUNINA$gRICA$2UNIMARC 901 $aBK 912 $a990001642950403321 952 $a60 595.7 B 57$b44434$fFAGBC 959 $aFAGBC 996 $aCerambycidae of North America$9368119 997 $aUNINA LEADER 01869oam 2200541 450 001 9910707821303321 005 20231129232354.0 035 $a(CKB)5470000002468349 035 $a(OCoLC)967664649 035 $a(EXLCZ)995470000002468349 100 $a20170104d2016 ua 0 101 0 $aeng 135 $aurmn||||||||| 181 $2rdacontent 182 $2rdamedia 183 $2rdacarrier 200 00$aGrizzly steppe $eRussian malicious cyber activity 210 1$a[Washington, D.C.] :$cU.S. Department of Homeland Security, NCCIC :$cDepartment of Justice, Federal Bureau of Investigation,$d2016. 215 $a1 online resource (13 pages) $ccolor illustrations 300 $a"December 29, 2016." 300 $a"Reference Number: JAR-16-20296." 320 $aIncludes bibliographical references. 517 3 $aGrizzly steppe 606 $aEspionage, Russian$zUnited States 606 $aInternet in espionage 606 $aComputer security$zUnited States 606 $aComputer networks$xSecurity measures$zUnited States 606 $aCyberterrorism$zUnited States$xPrevention 606 $aCyberterrorism$zRussia (Federation) 606 $aHacking$xPrevention 606 $aComputer crimes$xPrevention 615 0$aEspionage, Russian 615 0$aInternet in espionage. 615 0$aComputer security 615 0$aComputer networks$xSecurity measures 615 0$aCyberterrorism$xPrevention. 615 0$aCyberterrorism 615 0$aHacking$xPrevention. 615 0$aComputer crimes$xPrevention. 712 02$aNational Cybersecurity and Communications Integration Center (U.S.), 712 02$aUnited States.$bFederal Bureau of Investigation, 801 0$bGPO 801 1$bGPO 801 2$bGPO 906 $aBOOK 912 $a9910707821303321 996 $aGrizzly steppe$93521278 997 $aUNINA